UM Logo
Normal view MARC view
  • Molecular biology-Research.

Entry Topical Term

Number of records used in: 1

001 - CONTROL NUMBER

  • control field: 38142

003 - CONTROL NUMBER IDENTIFIER

  • control field: OSt

005 - DATE AND TIME OF LATEST TRANSACTION

  • control field: 20190402160829.0

008 - FIXED-LENGTH DATA ELEMENTS

  • fixed length control field: 190402|| aca||aabn | a|a d

040 ## - CATALOGING SOURCE

  • Original cataloging agency: OSt
  • Transcribing agency: OSt

150 ## - HEADING--TOPICAL TERM

  • Topical term or geographic name entry element: Molecular biology-Research.

670 ## - SOURCE DATA FOUND

  • Source citation: Work cat.: (OSt): Running, Mark . 38141, A primer on cell and molecular biology /, ©2015.